Cultura general de México #2 - Estadísticas

Estadísticas generales
  • Esta prueba ha sido intentada 122 veces
  • La puntuación promedio es 13 de 20
Estadísticas de respuestas
Pregunta Respuesta % Correcto
¿Qué frase mexicana expresa incredulidad? ¡No {manches}!
93%
¿Qué río forma la mayor frontera entre México y EE UU? Río Bravo
86%
¿Qué club tiene los apodos las Águilas o las Cremas? Club América
77%
Según leyenda, ¿qué fantasma lamenta la muerte de sus hijos las noches? La Llorona
77%
¿Qué deporte se caracteriza por ser de contacto físico, combate y artes escénicas? Lucha libre
77%
¿Qué idioma indígeno es más hablado en México? Náhuatl
76%
¿En qué ciudad viven los tapatíos? Guadalajara
75%
¿Qué sitio se convirtió en una nueva maravilla del mundo moderno en 2007? Chichén Itzá
72%
¿Sobre qué planta está el águila en la bandera mexicana? Nopal
70%
¿Cómo se llama la empresa Lays en México? Sabritas
66%
¿En qué año se firmó la Declaración de Independencia de México? 1821
65%
¿Qué revolucionario tuvo el apodo el Atila del Sur? Emiliano Zapata
64%
¿Qué pareja artística se casaron dos veces: en 1929 y 1940? Diego Rivera
61%
¿Qué pareja artística se casaron dos veces: en 1929 y 1940? Frida Kahlo
60%
Nombrada por una ciudad bajacaliforniana, ¿cuál fue la primera cerveza mexicana en lata? Tecate
57%
Si a falta de amor, unos tacos ¿al qué? Pastor
55%
Según tradición popular, ¿qué comida se come para calmar después del susto? Bolillo
54%
¿Qué cantante también tenía éxito en telenovelas como María, la del barrio? Thalía
49%
¿Qué género de música nació después de la llegada del colombiano Luis Carlos Meyer a México? Cumbia mexicana
40%
¿En qué área tiene un doctorado Claudia Sheinbaum? Ingeniería ambiental
22%
No se encontraron pruebas coincidentes
Distribución de puntuación
Porcentaje de gente con cada puntuación
Porcentaje por número respondido
Historial de tus puntuaciones
No has intentado esta prueba.